| 000 | 00504nam a2200181Ia 4500 | ||
|---|---|---|---|
| 005 | 20250508152704.0 | ||
| 008 | 008 250505s9999 xx 000 0 eng d | ||
| 037 | _aTextual | ||
| 040 |
_aFEDL _beng _cFEDL |
||
| 041 |
_aeng _2eng |
||
| 084 |
_a507, BAR _qFEDL |
||
| 100 | _aBarnard | ||
| 245 | 0 | _aTeacher's manual for science: A search for evidence | |
| 260 |
_aNew York, USA _bThe Macmillan Company _c1960 |
||
| 300 | _a422p. | ||
| 942 |
_cTEXL _h507, BAR |
||
| 999 |
_c1338068 _d1338068 |
||